书目信息 |
| 题名: |
植物生物学实验
|
|
| 作者: | 沈显生 , 尹路明 , 周忠泽 编著 | |
| 分册: | ||
| 出版信息: | 合肥 中国科学技术大学出版社 2003.03 |
|
| 页数: | 179页 | |
| 开本: | 26cm | |
| 丛书名: | 中国科学技术大学21世纪教改系列教材 | |
| 单 册: | ||
| 中图分类: | Q94-33 | |
| 科图分类: | ||
| 主题词: | 植物学--zhi wu xue--实验--高等学校--教材 | |
| 电子资源: | ||
| ISBN: | 7-312-01464-X | |
| 000 | 01193nam 2200277 450 | |
| 001 | 012006473499 | |
| 005 | 20070612105743.28 | |
| 010 | @a7-312-01464-X@dCNY15.00 | |
| 100 | @a20061213d2003 km y0chiy0120 ea | |
| 101 | 0 | @achi |
| 102 | @aCN@b340000 | |
| 105 | @aak a 001yy | |
| 200 | 1 | @a植物生物学实验@Azhi wu sheng wu xue shi yan@f沈显生, 尹路明, 周忠泽编著@Fshen xian sheng,yin lu ming,zhou zhong ze bian zhu |
| 210 | @a合肥@c中国科学技术大学出版社@d2003.03 | |
| 215 | @a179页@c图@d26cm | |
| 225 | 2 | @a中国科学技术大学21世纪教改系列教材@Azhong guo ke xue ji shu da xue 21 shi ji jiao gai xi lie jiao cai |
| 320 | @a有书目 (第179页) 和索引。 | |
| 330 | @a本书为植物生物学实验指导用书, 根据新的教改思想编写, 着重学生实验技能和素质的培养和锻炼, 并力求简洁, 体现实用性和系统性。全书分植物生物学实验 (包含17个实验) 和植物标本制作技术两部分, 并附有生物绘图技术等内容。 | |
| 410 | 0 | @12001 @a中国科学技术大学21世纪教改系列教材 |
| 606 | 0 | @a植物学@Azhi wu xue@x实验@x高等学校@j教材 |
| 690 | @aQ94-33@v4 | |
| 701 | 0 | @a沈显生@Ashen xian sheng@4编著 |
| 701 | 0 | @a尹路明@Ayin lu ming@4编著 |
| 701 | 0 | @a周忠泽@Azhou zhong ze@4编著 |
| 801 | 0 | @aCN@c20070612 |
| 905 | @dQ94-33@eS426 | |
| 植物生物学实验/沈显生, 尹路明, 周忠泽编著.-合肥:中国科学技术大学出版社,2003.03 |
| 179页:图;26cm.-(中国科学技术大学21世纪教改系列教材) |
| ISBN 7-312-01464-X:CNY15.00 |
| 本书为植物生物学实验指导用书, 根据新的教改思想编写, 着重学生实验技能和素质的培养和锻炼, 并力求简洁, 体现实用性和系统性。全书分植物生物学实验 (包含17个实验) 和植物标本制作技术两部分, 并附有生物绘图技术等内容。 |
| ● |
| 相关链接 |
|
|
|
正题名:植物生物学实验
索取号:Q94-33/S426
 
预约/预借
| 序号 | 登录号 | 条形码 | 馆藏地/架位号 | 状态 | 备注 |
| 1 | 230420 | 202304201 | 自科库401/401自科库 34排3列1层/ [索取号:Q94-33/S426] | 在馆 | |
| 2 | 230421 | 202304210 | 自科库401/401自科库 34排3列1层/ [索取号:Q94-33/S426] | 在馆 | |
| 3 | 230422 | 202304229 | 自科库401/401自科库 34排3列2层/ [索取号:Q94-33/S426] | 在馆 |